000 00579cam a2200217 4500
001 M88894
008 090401t1983 xxu||||| |||| 00| 0 eng d
035 _a(Sirsi) u83289
041 _aeng
050 _a333.335
110 _aAgricultural Development Advisory Service
_93357
245 _aFarm rents in England and Wales : 1982 enquiry
260 _aAlnwick, Northumberland
_bMAFF Publications
_c1983
300 _a84p. ; 21cm.
350 _a0
490 _aBooklet
_v2319 (82)
650 _aFARM RENTS
690 _aRURAL PRACTICE
942 _n0
948 _c23/01/1998
999 _c96878
_d96878